Halsey- Graveyard (All Lyrics) - Statistics

General Stats
  • This quiz has been taken 92 times
  • The average score is 284 of 363
Answer Stats
Lyrics % Correct
I
100%
The
98%
the
98%
you
95%
You
95%
a
91%
graveyard
91%
to
91%
in
89%
my
89%
when
89%
When
89%
where
89%
do
88%
get
86%
are
84%
It's
84%
it's
84%
down
82%
keep
82%
love
82%
your
82%
all
80%
no
80%
(No
80%
way
79%
won't
79%
be
77%
go
77%
how
77%
Oh
77%
oh)
77%
running
77%
stop
77%
'til
77%
can
75%
is
75%
most
75%
myself
75%
but
73%
'cause
73%
dark
73%
woulda
73%
darkest
71%
know
71%
that
71%
They
71%
thing
71%
and
70%
And
70%
diggin'
70%
crazy
68%
deeper
68%
say
68%
sink
68%
at
66%
me
66%
me)
66%
roads
66%
You're
66%
you're
66%
far
64%
followed
64%
Let
64%
matter
64%
feet
63%
mistake
63%
real
63%
think
63%
detriment
61%
hurt
61%
making
61%
so
59%
can't
57%
gettin'
57%
nothin'
57%
again
55%
don't
55%
weapon
55%
hold
54%
look
54%
(Look
54%
may
54%
right
54%
wanna
54%
both
52%
funny
52%
skin
52%
hand
50%
like
50%
see
50%
eyes
48%
butterflies
46%
door
46%
feel
46%
through
46%
wheel
46%
drunk
45%
even
45%
lock
45%
push
45%
(Push
45%
steering
43%
warning
43%
With
43%
conceal
39%
they're
39%
I've
38%
signs
38%
been
34%
No matching quizzes found
Score Distribution
Percent of People with Each Score
Percentile by Number Answered
Your Score History
You have not taken this quiz